00714nam a2200253Ia 4500008004100000020001500041050001000056050001600066100002500082245003300107245004400140260002300184260002500207260000900232300001600241300002100257300001100278650002100289650001500310700003600325700004000361700004000401999001900441170203s9999 xx 000 0 und d a9710871331 a393.3 b.V813m 2011 aViray, Edilberto Jr. aMacro Economics Simplified / cViray, Marcelino, Malveda, Avila- Bato. aMandaluyong City : bNational Book Store. c2011 a261 pages : billustrations ;  c26 cm. aMacro Economics. xEconomics. aAvila-Bato, Ma. Jesusa, author. aMalveda, Lucky Raymundo M., author. aMarcelino, Ramon Benedicto, author. c305445d305445